000 00774nam a22001937a 4500
008 240423b |||||||| |||| 00| 0 eng d
020 _a0226817318
050 _aDS559.46.T87 1985
100 _aTurner . Kathleen J,
_952669
245 _aLyndon Johnson's dual war,
_bvietnam and the press.
_cKathleen J. Turner.
260 _aChicago:
_bThe University of Chicago Press,
_c1985.
300 _aix;
_b385p,
_c24cm.
600 _aJohnson,Lyndon B.(Lyndon Baines),
_d1908-1973.
_952670
650 _aVietnamese conflict;
_xjournalists,
_y1961-1975
_952671
650 _aVietnamese conflct
_y1961-1975,
_zUnited States.
_952672
650 _aPress and politics,
_zUnited States
_952673
650 _aUnited States
_vpolitics and government
_y1963-1969.
_952674
942 _2lcc
_cMONOGRAPH
999 _c131872
_d131872